Responses for show #3653 - Wednesday, June 21, 2000

Contestants

[<< previous game]

Michele Harvey, a software engineer from Centreville, Virginia

David Mersault, an actor originally from Bismarck, North Dakota

Glen Stevens, an assistant principal from Cottage Grove, Minnesota (whose 1-day cash winnings total $2,300)

[next game >>]

Jeopardy! Round responses

JOHN QUINCY ADAMS
'90s MOVIES
THE NORTHERNMOST CAPITAL CITY
(Alex: From the list we will give you.)
STUPID ANSWERS
DUKES & EARLS
ENDS IN "WIG"
    $100 6
(David: What is president?)

vice president

DavidMichele
    $100 1
Con Air

David
    $100 14
Algiers

Glen
    $100 7
cave bears

Michele
    $100 12
Moon

Michele
    $100 22
swig

Michele
    $200 27
House of Representatives

Glen
    $200 2
City Slickers

Triple Stumper
    $200 15
(David: What is Montevideo?)

Bogota

DavidMichele
    $200 8
Ginger Baker

Michele
    $200 13
(Glen: What is Argyle?)
(Michele: What is Arran?)

Cardigan

GlenDavidMichele
    $200 23
big-wig

David
    $300 28
Andrew Jackson

David
    $300 3
Contact

Michele
    $300 19
Damascus

David
    $300 9
Six-Day War

David
    $300 16
"Duke of Earl"

David
    $300 24
twig

Glen
    $400 29
Bunker Hill

David
    $400 4
The Bridges of Madison County

Michele
    $400 20
Guatemala City

Michele
    $400 10
(David: What is the?)

All

GlenDavid
    $400 17
(Michele: What is Earl Brunswick stew?)

Earl Grey tea

DavidMichele
    $400 25
(Alex: About a minute to go.)

Ludwig

Michele
    $500 30
(Alex: Would you like me to repeat my reading of the Earwig clue again?)

Supreme Court

Glen
    $500 5
The Preacher's Wife

David
    $500 21
Helsinki

Michele
    $500 11
(Glen: What is Ramayana?)

Rama

GlenMichele
    $500 18
Tupper

Glen
    $500 26
earwig

David

Scores at the first commercial break (after clue 14):

Glen David Michele
-$200 $600 $1,500

Scores at the end of the Jeopardy! Round:

Glen David Michele
$1,300 $2,800 $2,700

Double Jeopardy! Round responses

THE 20th CENTURY
THAT WAS ENTERTAINMENT!
MUSEUMS
BASEBALL LIT
CABINET MINISTERS
RHYME TIME
    $200 6
John F. Kennedy

Michele
    $200 7
Uncle Sam

Michele
    $200 12
Casey Jones

Michele
    $200 1
October

Glen
    $200 15
Japan

David
    $200 13
fake steak

Michele
    $400 23
Texas

David
    $400 8
Rudolph Valentino

Michele
    $400 30
(Glen: What is an exhibit?)

a diorama

GlenMichele
    $400 2
Negro Leagues

David
    $400 16
Iceland

Michele
    $400 14
toad road

David
    $600 24
Grand Coulee Dam

David
    $600 9
Louis Armstrong

Michele
    $600 29
(Glen: What are ships?)

potatoes

GlenMichele
    $1,600 3
"Damn Yankees"

David
    $600 18
Golda Meir

Michele
    $600 17
(David: What is a wee kiwi?)

peewee kiwi

David
    $800 25
(Alex: Less than a minute to go.)

quonset hut

Michele
    $800 10
Dinah Shore

Michele
    $800 27
(Glen: Who is I.M. Pei?)

Frank Gehry

Glen
Triple Stumper
    $800 4
Bob Gibson

David
    $800 21
Jacques Chirac

David
    $800 19
(Glen: What is a slow row?)

slower rower

GlenMichele
    $1000 26
Voyager

Michele
    $1000 11
Original Amateur Hour

Glen
    $1000 28
The Cloisters

Triple Stumper
    $1000 5
Tom Gordon

David
    $1,200 22
Pierre Elliott Trudeau

David
    $1000 20
duller color

Michele

Scores at the end of the Double Jeopardy! Round:

Glen David Michele
-$100 $10,800 $10,900

[wagering suggestions for these scores]

Final Jeopardy! Round responses

SCIENCE WORD ORIGINS
(Alex: Was this a scary category or what?)
DavidWhat is (Regis) nebula
$102
MicheleWhat is ?
$100
chaos

Final scores:

Glen David Michele
-$100 $10,698 $10,800
3rd place: Samsung Hi-Fi Stereo Multiregional VCR 2nd place: Trip to New York City to see "Cabaret" New champion: $10,800

Game dynamics:

Coryat scores:

Glen David Michele
-$100 $9,600 $10,900
8 R,
6 W
22 R
(including 2 DDs),
3 W
27 R
(including 1 DD),
2 W

Combined Coryat: $20,400

The J! Archive is created by fans, for fans. The Jeopardy! game show and all elements thereof, including but not limited to copyright and trademark thereto, are the property of Jeopardy Productions, Inc. and are protected under law. This website is not affiliated with, sponsored by, or operated by Jeopardy Productions, Inc. Join the discussion at JBoard.tv.